000 00352nam a2200157Ia 4500
003 OSt
008 191201s2008 xx 000 0 und d
082 _a620.82
_bSIE
100 _aSINGH, Sanjeev kumar
245 0 _aErgonomics: An Introduction
250 _a1st
260 _aHyderabad
_bIUP
_c2008
300 _a190
650 _aMBA
942 _2ddc
_cBK
999 _c4737
_d4737